[Event "SR 4. liga A21 2013/2014"]
[Site "?"]
[Date "2014.03.30"]
[Round "11.6"]
[White "Holan, Jaroslav"]
[Black "Filipek, Norbert"]
[Result "1/2-1/2"]
[WhiteElo "1463"]
[BlackElo "1291"]
[PlyCount "70"]
[EventDate "2013.??.??"]

1. e4 c5 2. Nf3 e6 3. Nc3 d6 4. d4 cxd4 5. Nxd4 Nc6 6. Bb5 Bd7 7. Nf3 Be7 8.
O-O a6 9. Bd3 Nf6 10. Ne2 O-O 11. c3 Qc7 12. Ng3 d5 13. exd5 exd5 14. Qc2 g6
15. Bh6 Rfe8 16. h3 Bc5 17. Kh1 Qc8 18. Ng5 Bd6 19. Nxf7 Kxf7 20. Kh2 Be7 21.
Rae1 Qc7 22. Kg1 Bc5 23. Ne2 Bd6 24. f4 Ne4 25. g4 Qc8 26. f5 gxf5 27. g5 Kg6
28. Nf4+ Bxf4 29. Rxf4 Qc7 30. Ref1 Re5 31. Qd1 Nxg5 32. Bxg5 Kxg5 33. Qf3 Ne7
34. Qg3+ Kf6 35. Qh4+ Ke6 1/2-1/2

[Event "SR 4. liga A21 2013/2014"]
[Site "?"]
[Date "2014.03.30"]
[Round "11.6"]
[White "Ulehla, Jakub"]
[Black "Keller, Jozef"]
[Result "1/2-1/2"]
[WhiteElo "1111"]
[BlackElo "1607"]
[PlyCount "51"]
[EventDate "2013.??.??"]

1. e4 e6 2. d4 g6 3. Nf3 Bg7 4. Bd3 Ne7 5. O-O O-O 6. Be3 d5 7. e5 b6 8. b4 Nf5
9. Bxf5 exf5 10. Qd2 Nd7 11. Bh6 Re8 12. Bxg7 Kxg7 13. Re1 c5 14. bxc5 bxc5 15.
c3 h6 16. Qc2 Re6 17. Nbd2 Rb8 18. Reb1 Ba6 19. Rxb8 Qxb8 20. Rb1 Rb6 21. Rxb6
axb6 22. Qb3 Qb7 23. a4 cxd4 24. cxd4 Qc6 25. Qd1 b5 26. axb5 1/2-1/2

[Event "SR 4. liga A21 2012/2013"]
[Site "?"]
[Date "2012.10.14"]
[Round "1.1"]
[White "Brath, Zdeno"]
[Black "Piestansky, Jan"]
[Result "0-1"]
[WhiteElo "1500"]
[BlackElo "1588"]
[PlyCount "92"]
[EventDate "2012.??.??"]

1. b4 e5 2. Bb2 d6 3. e3 Nf6 4. Nf3 a6 5. a3 Be7 6. Be2 Nc6 7. d3 Bg4 8. h3 Bh5
9. Nh4 Bg6 10. Nxg6 fxg6 11. Bf3 Qd7 12. Nc3 O-O 13. O-O Rab8 14. d4 exd4 15.
exd4 Na7 16. Nd5 Nxd5 17. Bxd5+ Kh8 18. Bf3 Bf6 19. Rb1 d5 20. Qd3 c6 21. Bc1
Rbe8 22. Be3 Nb5 23. a4 Nd6 24. Bf4 Nc4 25. b5 axb5 26. Bg4 Qd8 27. axb5 Re4
28. Be3 Rfe8 29. Rfe1 Nxe3 30. Rxe3 Rxd4 31. Rxe8+ Qxe8 32. Qa3 Re4 33. Kf1 h6
34. bxc6 bxc6 35. Qa7 Kh7 36. Bd7 Qe7 37. Qb7 Bc3 38. g3 Re1+ 39. Rxe1 Qxe1+
40. Kg2 Bd4 41. h4 Qxf2+ 42. Kh3 h5 43. Qb1 Be5 44. Qb3 Qf1+ 45. Kh2 Bd4 46. g4
Be5+ 0-1

[Event "SR 4. liga A21 2012/2013"]
[Site "?"]
[Date "2012.10.14"]
[Round "1.1"]
[White "Pripko, Bystrik"]
[Black "Pericka, Pavol"]
[Result "0-1"]
[WhiteElo "1815"]
[BlackElo "1821"]
[PlyCount "46"]
[EventDate "2012.??.??"]

1. e4 e5 2. Nf3 Nc6 3. Bc4 Bc5 4. Nc3 d6 5. h3 Nf6 6. d3 h6 7. O-O Na5 8. Bb3
O-O 9. Bd2 a6 10. Na4 Nxb3 11. axb3 Ba7 12. Be3 Bxe3 13. fxe3 Be6 14. Nc3 Qd7
15. Nh4 Bxh3 16. Rxf6 gxf6 17. gxh3 Qxh3 18. Ng2 Kh8 19. Kf2 Rg8 20. Qh1 Qg3+
21. Kf1 Qf3+ 22. Ke1 Rxg2 23. Qxh6+ Kg8 0-1

[Event "SR 4. liga A21 2012/2013"]
[Site "?"]
[Date "2012.10.14"]
[Round "1.1"]
[White "Sadlon, Juraj"]
[Black "Kupkovic, Miroslav"]
[Result "1-0"]
[WhiteElo "1804"]
[BlackElo "1799"]
[PlyCount "115"]
[EventDate "2012.??.??"]

1. e4 e6 2. d4 d5 3. exd5 exd5 4. Bd3 Qe7+ 5. Ne2 Qh4 6. Bf4 Qf6 7. Bxc7 Nc6 8.
O-O Bd6 9. Bxd6 Qxd6 10. Re1 Nge7 11. c3 O-O 12. Ng3 g6 13. Nd2 Kg7 14. Nf3 f6
15. Qc2 Be6 16. Re3 Rac8 17. a3 Bf7 18. Rae1 Rc7 19. Qe2 Ng8 20. Bf5 Re7 21.
Rxe7 Ngxe7 22. Be6 Bxe6 23. Qxe6 Qxe6 24. Rxe6 Kf7 25. Re2 Na5 26. Kf1 Nc4 27.
Ke1 Ke8 28. Kd1 Kd7 29. Kc2 Nc6 30. Nf1 Re8 31. Rxe8 Kxe8 32. Ne3 Nb6 33. b3
Ke7 34. c4 dxc4 35. bxc4 Nd7 36. Kc3 Nd8 37. a4 Ne6 38. Nd2 Kd6 39. Ne4+ Ke7
40. Nd5+ Kf7 41. Nd6+ Kg7 42. Nxb7 Nb8 43. Ne3 f5 44. d5 Ng5 45. Kd4 f4 46. Nd1
Kf6 47. c5 h5 48. c6 Na6 49. Nc5 Nc7 50. d6 Nce6+ 51. Kd5 f3 52. g3 Nxc5 53.
Kxc5 Ke6 54. Nc3 Nh3 55. Ne4 g5 56. c7 Kd7 57. Nf6+ Kc8 58. Kc6 1-0

[Event "SR 4. liga A21 2012/2013"]
[Site "?"]
[Date "2012.10.14"]
[Round "1.1"]
[White "Skapik, Branislav"]
[Black "Slaby, Jozef"]
[Result "1-0"]
[WhiteElo "1857"]
[BlackElo "1890"]
[PlyCount "95"]
[EventDate "2012.??.??"]

1. e4 c6 2. d4 d5 3. e5 Bf5 4. Nc3 e6 5. g4 Bg6 6. Nge2 h6 7. h4 Nd7 8. Nf4 Bh7
9. Bd3 Bxd3 10. Qxd3 Qe7 11. Be3 O-O-O 12. O-O-O Nb6 13. Qe2 Nc4 14. Nd3 Qc7
15. f4 Qa5 16. Nc5 Bxc5 17. dxc5 Qb4 18. Rd3 Nxb2 19. Rd4 Qxc3 20. Qd2 Qxd2+
21. Bxd2 Nc4 22. Bb4 Ne7 23. h5 Rdg8 24. Be1 Kd7 25. Bh4 g6 26. Bf6 Rh7 27.
Rhd1 Ne3 28. R1d3 Nxg4 29. Rb3 Rb8 30. Rdb4 Nxf6 31. exf6 b6 32. cxb6 a6 33.
fxe7 Kxe7 34. Ra3 gxh5 35. Rxa6 Kd6 36. a4 Rg7 37. a5 f5 38. Rb3 Rg4 39. b7 Rg7
40. Rab6 e5 41. a6 exf4 42. a7 Rgg8 43. axb8=Q+ Rxb8 44. Rc3 Ke5 45. Kd2 Ke4
46. Ke2 h4 47. Rcxc6 f3+ 48. Kf2 1-0

[Event "SR 4. liga A21 2012/2013"]
[Site "?"]
[Date "2012.10.14"]
[Round "1.1"]
[White "Vagovic, Milan"]
[Black "Sadlon, Matus"]
[Result "1/2-1/2"]
[WhiteElo "1725"]
[BlackElo "1596"]
[PlyCount "90"]
[EventDate "2012.??.??"]

1. d4 Nf6 2. c4 g6 3. Nf3 d6 4. Nc3 Bg7 5. e3 O-O 6. Bd3 Nbd7 7. Qc2 e5 8. dxe5
Nxe5 9. Nxe5 dxe5 10. O-O Be6 11. Ne4 Nd7 12. Nc3 f5 13. e4 Nc5 14. Be2 c6 15.
Rd1 Qe7 16. f3 Rad8 17. Be3 b6 18. b4 Na6 19. a3 Nb8 20. c5 b5 21. Rd2 Rxd2 22.
Bxd2 Rd8 23. Rd1 Nd7 24. Be3 Nf8 25. Rd2 Rxd2 26. Qxd2 Qd7 27. Qxd7 Nxd7 28. h3
a6 29. Kf2 Kf7 30. Bd3 Kf6 31. Ne2 Kf7 32. Bc2 Nf6 33. Nc1 Ke7 34. Bd2 Kd7 35.
Ke2 Bc4+ 36. Ke1 fxe4 37. fxe4 Nh5 38. g4 Nf4 39. Bxf4 exf4 40. Bd3 Bxd3 41.
Nxd3 g5 42. Kd2 Ke6 43. Kc2 Bd4 44. Kd2 h6 45. Ke2 Be3 1/2-1/2

[Event "SR 4. liga A21 2012/2013"]
[Site "?"]
[Date "2012.10.14"]
[Round "1.2"]
[White "Beran, Jan ml"]
[Black "Smrek, Peter"]
[Result "1-0"]
[WhiteElo "1868"]
[BlackElo "1845"]
[PlyCount "72"]
[EventDate "2012.??.??"]

1. e4 d6 2. d4 g6 3. Nc3 Nf6 4. h3 Bg7 5. Nf3 a5 6. Be3 Na6 7. Qd2 c6 8. O-O-O
b5 9. Bd3 Nb4 10. e5 Nxd3+ 11. Qxd3 Bf5 12. Qe2 Ne4 13. Nb1 Be6 14. Bf4 Bd5 15.
b3 b4 16. Ne1 g5 17. f3 Nc3 18. Nxc3 bxc3 19. Bxg5 Qb6 20. exd6 e6 21. Qe3 Qb4
22. d7+ Kxd7 23. Nd3 Qa3+ 24. Kb1 a4 25. Nc5+ Ke8 26. Qxc3 axb3 27. axb3 Qa2+
28. Kc1 Qa1+ 29. Qxa1 Rxa1+ 30. Kb2 Ra5 31. Nb7 Ra7 32. Nd6+ Kf8 33. c4 f6 34.
Be3 Ke7 35. Bf4 c5 36. cxd5 cxd4 1-0

[Event "SR 4. liga A21 2012/2013"]
[Site "?"]
[Date "2012.10.14"]
[Round "1.2"]
[White "Lajda, Dusan"]
[Black "Palka, Martin"]
[Result "1/2-1/2"]
[WhiteElo "1838"]
[BlackElo "1884"]
[PlyCount "70"]
[EventDate "2012.??.??"]

1. e4 c5 2. Nf3 d6 3. d4 cxd4 4. Nxd4 Nf6 5. Nc3 a6 6. Be3 e5 7. Nb3 Be6 8. g3
Nbd7 9. Bg2 b5 10. O-O Nb6 11. Nd2 Rc8 12. a3 Ng4 13. Re1 Nxe3 14. Rxe3 Be7 15.
Re1 O-O 16. Bf1 d5 17. exd5 Nxd5 18. Nde4 Nxc3 19. Nxc3 Qc7 20. Qe2 Bf6 21. Bg2
Rfd8 22. Be4 Bc4 23. Qe3 Qe7 24. Red1 Rxd1+ 25. Rxd1 Rd8 26. Nd5 Bxd5 27. Rxd5
Rxd5 28. Bxd5 Qc7 29. Qb3 Bd8 30. a4 Qd7 31. axb5 axb5 32. c4 bxc4 33. Qxc4 Kf8
34. Kf1 Qc7 35. Qxc7 Bxc7 1/2-1/2

[Event "SR 4. liga A21 2012/2013"]
[Site "?"]
[Date "2012.10.14"]
[Round "1.2"]
[White "Lanik, Miroslav"]
[Black "Bjel, Jan"]
[Result "1/2-1/2"]
[WhiteElo "1945"]
[BlackElo "1875"]
[PlyCount "41"]
[EventDate "2012.??.??"]

1. e4 e5 2. Nf3 Nc6 3. Bb5 a6 4. Ba4 Bc5 5. O-O Nge7 6. Nxe5 Nxe5 7. d4 b5 8.
Bb3 Bxd4 9. Qxd4 N7c6 10. Qc3 O-O 11. Bf4 Qe7 12. Nd2 d6 13. Bd5 Bd7 14. Bxe5
Qxe5 15. Qxe5 dxe5 16. c3 Rad8 17. Nf3 Rfe8 18. Rad1 Nb8 19. Ng5 Re7 20. Bb3 h6
21. Nf3 1/2-1/2

[Event "SR 4. liga A21 2012/2013"]
[Site "?"]
[Date "2012.10.14"]
[Round "1.2"]
[White "Podjavorinsky, Peter"]
[Black "Kubik, Peter"]
[Result "0-1"]
[WhiteElo "1720"]
[BlackElo "1720"]
[PlyCount "68"]
[EventDate "2012.??.??"]

1. e4 d5 2. exd5 Qxd5 3. Nf3 Bg4 4. Be2 Nc6 5. Nc3 Qa5 6. O-O Nf6 7. d3 e5 8.
Bd2 O-O-O 9. a3 Bxf3 10. Bxf3 Nd4 11. b4 Qb6 12. Be3 c6 13. Kh1 Kb8 14. b5 cxb5
15. Nxb5 Qxb5 16. Rb1 Qa4 17. Rxb7+ Kc8 18. Qb1 Bd6 19. Bxd4 exd4 20. Rb8+ Kd7
21. Qb7+ Bc7 22. Bg4+ Nxg4 23. Qd5+ Ke7 24. Re1+ Ne3 25. Qg5+ Kd7 26. Rxd8+
Rxd8 27. fxe3 Qa5 28. Qg4+ Ke8 29. Rf1 Kf8 30. Qf3 Qd5 31. e4 Qe6 32. h3 Kg8
33. Qh5 f6 34. Qc5 Qe5 0-1

[Event "SR 4. liga A21 2012/2013"]
[Site "?"]
[Date "2012.10.14"]
[Round "1.2"]
[White "Tokos, Rastislav"]
[Black "Madzo, Anton"]
[Result "1-0"]
[WhiteElo "1858"]
[BlackElo "1545"]
[PlyCount "143"]
[EventDate "2012.??.??"]

1. e4 d5 2. exd5 Qxd5 3. Qf3 Qxf3 4. Nxf3 Bd7 5. Bc4 e6 6. Nc3 a6 7. O-O Nf6 8.
d4 Bb4 9. Bd2 Bxc3 10. Bxc3 O-O 11. Rfe1 Bc6 12. Ne5 Bd5 13. Rad1 Bxc4 14. Nxc4
Nc6 15. Na5 Nxa5 16. Bxa5 c6 17. c4 b5 18. b3 Rfe8 19. f3 h5 20. Kf2 g6 21. Re3
Rac8 22. Bc3 Nd7 23. Rde1 Kf8 24. Bb4+ Kg8 25. d5 cxd5 26. cxd5 e5 27. f4 f6
28. Bd6 Kf7 29. Kf3 Rc2 30. R1e2 Rxe2 31. Rxe2 exf4 32. Rxe8 Kxe8 33. Kxf4 Nb6
34. Ke4 Kd7 35. Bc5 Nc8 36. Bf2 Nd6+ 37. Kd4 Nb7 38. Bg3 Ke7 39. Be1 Kd6 40. h3
Kd7 41. Bb4 Ke8 42. Bc5 Kd7 43. Ba7 Kc7 44. g4 hxg4 45. hxg4 Kd7 46. Bb8 Kc8
47. Bg3 Kd7 48. Bh4 Ke7 49. g5 f5 50. Ke5 Nc5 51. d6+ Kf7 52. Kd5 Nd7 53. Bf2
Nb8 54. Bd4 f4 55. Ba7 f3 56. Bf2 Nd7 57. Bg3 a5 58. Kc6 Ke6 59. Kxb5 Ne5 60.
Kc5 Nd3+ 61. Kc6 Ne5+ 62. Kc7 Nd7 63. a3 Nc5 64. Bf2 Nd7 65. b4 axb4 66. axb4
Nf8 67. b5 Nd7 68. b6 Ne5 69. b7 Nd7 70. Bd4 Kd5 71. Kxd7 Kxd4 72. b8=Q 1-0

[Event "SR 4. liga A21 2012/2013"]
[Site "?"]
[Date "2012.10.14"]
[Round "1.3"]
[White "Buran, Andrej ml"]
[Black "Antalek, Rudolf"]
[Result "1-0"]
[WhiteElo "1152"]
[BlackElo "1123"]
[PlyCount "113"]
[EventDate "2012.??.??"]

1. e4 e5 2. Nf3 Nc6 3. Bc4 Nf6 4. d3 Bc5 5. Be3 Bb6 6. O-O d6 7. Bxb6 axb6 8.
Nbd2 O-O 9. c3 Bg4 10. Re1 d5 11. exd5 Nxd5 12. Bxd5 Qxd5 13. Nb3 Rfe8 14. Re3
f5 15. Qd2 f4 16. Ree1 Bxf3 17. gxf3 Qxf3 18. Qe2 Qxe2 19. Rxe2 Na5 20. Nc1 c5
21. Re4 Rac8 22. f3 c4 23. d4 exd4 24. Rxd4 g5 25. Kf2 Rcd8 26. Ne2 Rxd4 27.
Nxd4 h5 28. h3 Nc6 29. Nf5 Re6 30. Rd1 Rg6 31. Nd6 Na5 32. b4 cxb3 33. axb3
Nxb3 34. Nxb7 Rg7 35. Nd8 g4 36. Ne6 Rf7 37. Rd8+ Kh7 38. Ng5+ Kg7 39. Nxf7
Kxf7 40. fxg4 hxg4 41. hxg4 Kf6 42. Kf3 Kg5 43. Rg8+ Kf6 44. Kxf4 Nd2 45. Rc8
b5 46. Rc5 Nb1 47. Rxb5 Nxc3 48. Rb6+ Kf7 49. Rb7+ Kf6 50. g5+ Kg6 51. Rb6+ Kg7
52. Kf5 Nd5 53. Rb7+ Kf8 54. Kg6 Ne7+ 55. Rxe7 Kxe7 56. Kh7 Kf7 57. g6+ 1-0

[Event "SR 4. liga A21 2012/2013"]
[Site "?"]
[Date "2012.10.14"]
[Round "1.3"]
[White "Gasa, Patrik"]
[Black "Berger, Patrik"]
[Result "1/2-1/2"]
[WhiteElo "1906"]
[BlackElo "1930"]
[PlyCount "60"]
[EventDate "2012.??.??"]

1. d4 Nf6 2. c4 g6 3. Nc3 Bg7 4. e4 d6 5. Nge2 O-O 6. Ng3 c5 7. d5 Na6 8. Be2
Nc7 9. h4 e6 10. h5 exd5 11. cxd5 Qe7 12. hxg6 fxg6 13. Bg5 Bd7 14. a4 a6 15.
Be3 b5 16. axb5 axb5 17. Rxa8 Rxa8 18. Bxc5 dxc5 19. d6 Qe5 20. dxc7 Qxc7 21.
Nd5 Qa5+ 22. b4 Qa1 23. Nxf6+ Bxf6 24. O-O Qxd1 25. Rxd1 Ra1 26. bxc5 Rxd1+ 27.
Bxd1 Bd4 28. Bb3+ Kg7 29. Kf1 Bxc5 30. Ke2 Kf6 1/2-1/2

[Event "SR 4. liga A21 2012/2013"]
[Site "?"]
[Date "2012.10.14"]
[Round "1.3"]
[White "Harasta, Juraj"]
[Black "Trojkova, Michaela"]
[Result "1-0"]
[WhiteElo "1698"]
[BlackElo "1199"]
[PlyCount "87"]
[EventDate "2012.??.??"]

1. e4 e5 2. f4 exf4 3. Nf3 Nc6 4. Bc4 d6 5. d4 Bg4 6. O-O Be7 7. Bxf4 Bf6 8. c3
Nge7 9. Bxf7+ Kxf7 10. Ng5+ Ke8 11. Qxg4 Bxg5 12. Bxg5 Qd7 13. Qxd7+ Kxd7 14.
Rf7 g6 15. d5 Ke8 16. Rg7 h6 17. Bf6 Rf8 18. Bh4 g5 19. dxc6 gxh4 20. cxb7 Rb8
21. Nd2 Rxb7 22. b3 Rf7 23. Rxf7 Kxf7 24. Rf1+ Kg6 25. Nf3 Kh5 26. e5 dxe5 27.
Nxe5 Kg5 28. Rf7 Nf5 29. Kf2 Nd6 30. Nf3+ Kg4 31. Re7 Nb5 32. c4 Nc3 33. c5
Nxa2 34. Nd4 Rb4 35. Ke3 h3 36. Rg7+ Kh4 37. g3+ Kh5 38. Ne6 Rxb3+ 39. Kd4 Rb4+
40. Ke5 a5 41. Nf4+ Rxf4 42. Kxf4 Nc3 43. Kf5 a4 44. Rg4 1-0

[Event "SR 4. liga A21 2012/2013"]
[Site "?"]
[Date "2012.10.14"]
[Round "1.3"]
[White "Mudroch, Martin"]
[Black "Jarabek, Milan"]
[Result "0-1"]
[WhiteElo "1309"]
[BlackElo "1663"]
[PlyCount "82"]
[EventDate "2012.??.??"]

1. e4 c5 2. Nf3 d6 3. d4 cxd4 4. Nxd4 Nf6 5. Nc3 a6 6. Be3 Ng4 7. Qd2 Nxe3 8.
Qxe3 Nc6 9. Nf3 g6 10. Be2 Bg7 11. O-O O-O 12. Nd2 Nd4 13. Bd3 b5 14. Ne2 Nxe2+
15. Bxe2 Bxb2 16. Rab1 Bg7 17. Nf3 Be6 18. a3 Qc7 19. Rfc1 Qc3 20. Qd3 Rfc8 21.
Ra1 Qxd3 22. Bxd3 Bxa1 23. Rxa1 Rc3 24. Nd4 Rac8 25. Nxe6 fxe6 26. f3 d5 27. e5
Rxc2 28. Bxc2 Rxc2 29. Rd1 g5 30. Rd4 Rc4 31. Rxc4 dxc4 32. Kf2 a5 33. Ke2 b4
34. axb4 axb4 35. Kd2 Kg7 36. g4 h5 37. h3 hxg4 38. hxg4 Kf8 39. Kc2 Ke8 40.
Kd2 Kd7 41. Kc2 Kc6 0-1

[Event "SR 4. liga A21 2012/2013"]
[Site "?"]
[Date "2012.10.14"]
[Round "1.3"]
[White "Vepy, Ivan"]
[Black "Nemeckayova, Monika"]
[Result "1-0"]
[WhiteElo "1921"]
[BlackElo "1743"]
[PlyCount "69"]
[EventDate "2012.??.??"]

1. e4 c5 2. Nf3 a6 3. d4 cxd4 4. Nxd4 e5 5. Nf3 Nf6 6. Nc3 Bb4 7. Bd3 d5 8.
exd5 Bxc3+ 9. bxc3 e4 10. Qe2 O-O 11. Bxe4 Nxe4 12. Qxe4 Re8 13. Ne5 f5 14. Qd4
Nd7 15. f4 Qh4+ 16. g3 Qh3 17. Kf2 Nf6 18. Ba3 Ne4+ 19. Kg1 b5 20. c4 bxc4 21.
Bb2 c3 22. Bxc3 Nxc3 23. Qxc3 Bb7 24. Qb3 Kh8 25. Qxb7 Rab8 26. Qd7 Rec8 27.
Qe6 h6 28. Rc1 Rc3 29. Kf2 Rb2 30. Qe8+ Kh7 31. Qa4 h5 32. d6 g5 33. Qd7+ Kg8
34. Qf7+ Kh8 35. Ng6# 1-0

[Event "SR 4. liga A21 2012/2013"]
[Site "?"]
[Date "2012.10.14"]
[Round "1.4"]
[White "Bango, Lukas"]
[Black "Danihel, Jozef"]
[Result "1-0"]
[WhiteElo "1722"]
[BlackElo "1566"]
[PlyCount "109"]
[EventDate "2012.??.??"]

1. Nf3 d5 2. c4 e6 3. g3 b6 4. Bg2 Bb7 5. d4 Nf6 6. O-O Be7 7. Nbd2 Nbd7 8. e3
c5 9. cxd5 Bxd5 10. Re1 Ne4 11. Nxe4 Bxe4 12. dxc5 Nxc5 13. Nd4 Bxg2 14. Kxg2
Qd5+ 15. Qf3 Qxf3+ 16. Kxf3 e5 17. Nb5 e4+ 18. Ke2 O-O 19. b3 Bf6 20. Rb1 Nd3
21. Rd1 a6 22. Nd6 Nc5 23. Ba3 Be7 24. Bxc5 bxc5 25. Nxe4 f5 26. Nc3 Rfd8 27.
Nd5 Kf7 28. Nxe7 Kxe7 29. Rbc1 Rxd1 30. Kxd1 Rd8+ 31. Ke2 Rd5 32. Rd1 Ke6 33.
Rxd5 Kxd5 34. Kd3 a5 35. a4 h6 36. f3 g5 37. e4+ fxe4+ 38. fxe4+ Ke5 39. Kc4
Kxe4 40. Kxc5 Kf3 41. b4 axb4 42. Kxb4 Kg2 43. a5 Kxh2 44. a6 Kxg3 45. a7 g4
46. a8=Q h5 47. Kc3 h4 48. Kd3 h3 49. Ke2 h2 50. Qh1 Kh3 51. Kf2 g3+ 52. Kf1
Kg4 53. Kg2 Kh4 54. Qe1 Kg4 55. Qxg3+ 1-0

[Event "SR 4. liga A21 2012/2013"]
[Site "?"]
[Date "2012.10.14"]
[Round "1.4"]
[White "Bartos, Bohumil"]
[Black "Slobodnik, Michal"]
[Result "0-1"]
[WhiteElo "1533"]
[BlackElo "1785"]
[PlyCount "60"]
[EventDate "2012.??.??"]

1. d4 d5 2. c4 c6 3. Nc3 Nf6 4. e3 g6 5. Nf3 Bg7 6. Bd3 dxc4 7. Bxc4 O-O 8. O-O
Bg4 9. h3 Bxf3 10. Qxf3 Nbd7 11. b3 b5 12. Bd3 Nb6 13. Ne4 Nfd5 14. Bd2 e5 15.
Rac1 f5 16. Nc5 e4 17. Qg3 exd3 18. Ne6 Qd7 19. Nxf8 Rxf8 20. Rc5 Rf6 21. Rfc1
Bf8 22. Qb8 Kf7 23. a4 Bxc5 24. Rxc5 bxa4 25. bxa4 Re6 26. Ra5 Re8 27. Qxa7
Qxa7 28. Rxa7+ Re7 29. Rxe7+ Kxe7 30. a5 Nc4 0-1

[Event "SR 4. liga A21 2012/2013"]
[Site "?"]
[Date "2012.10.14"]
[Round "1.4"]
[White "Baumgartner, Milan"]
[Black "Lezovic, Martin"]
[Result "1/2-1/2"]
[WhiteElo "1558"]
[BlackElo "1359"]
[PlyCount "94"]
[EventDate "2012.??.??"]

1. c4 e5 2. Nc3 Nc6 3. e4 Nf6 4. a3 b6 5. d3 d6 6. h3 g6 7. Bg5 Be7 8. Bh6 Bf8
9. Bxf8 Rxf8 10. Nf3 Be6 11. Be2 Qd7 12. O-O O-O-O 13. b4 h6 14. b5 Na5 15. Nd2
Kb8 16. Nb3 Nxb3 17. Qxb3 Kb7 18. a4 Ra8 19. a5 g5 20. a6+ Kc8 21. Qd1 Rh8 22.
f3 h5 23. Rf2 h4 24. d4 Kd8 25. Qd2 Rg8 26. Kh2 Ke7 27. d5 Bxh3 28. gxh3 Nh5
29. Bf1 Nf4 30. Ne2 Nh5 31. Rg2 f6 32. Rg4 Rg7 33. Bg2 Rag8 34. Rg1 Kf7 35. Bf1
Nf4 36. Nxf4 exf4 37. Bd3 Qe7 38. Re1 Qe5 39. Rc1 Qd4 40. Rd1 Qe5 41. Qf2 Qe7
42. Re1 Qe5 43. Re2 Re8 44. Rg1 Rc8 45. Qg2 Rd8 46. Qg4 Re8 47. Qd7+ Kf8
1/2-1/2

[Event "SR 4. liga A21 2012/2013"]
[Site "?"]
[Date "2012.10.14"]
[Round "1.4"]
[White "Kubis, Ivan"]
[Black "Jablonicky, Martin"]
[Result "1-0"]
[WhiteElo "2013"]
[BlackElo "1827"]
[PlyCount "69"]
[EventDate "2012.??.??"]

1. e4 e5 2. Nf3 Nf6 3. d4 Nxe4 4. Bd3 d5 5. Nxe5 Be7 6. O-O Nd7 7. c4 Nxe5 8.
dxe5 c6 9. Re1 Nc5 10. Bc2 dxc4 11. Qh5 Ne6 12. Nc3 Bg5 13. Ne4 Be7 14. Be3 Qa5
15. Rad1 g6 16. Qe2 Qxe5 17. Qxc4 Qc7 18. Qc3 Rg8 19. Nf6+ Bxf6 20. Qxf6 Qe7
21. Qc3 Bd7 22. b4 a6 23. Bd4 Qd8 24. Bf6 Qc7 25. Qc5 Bc8 26. Rd8+ Qxd8 27.
Bxd8 Kxd8 28. Qd6+ Ke8 29. Rd1 a5 30. bxa5 Rxa5 31. Bb3 Ra8 32. f4 h5 33. h3
Ra6 34. Bxe6 fxe6 35. Qc7 1-0

[Event "SR 4. liga A21 2012/2013"]
[Site "?"]
[Date "2012.10.14"]
[Round "1.4"]
[White "Lezovic, Martin"]
[Black "Vach, Jozef"]
[Result "1-0"]
[WhiteElo "1762"]
[BlackElo "1793"]
[PlyCount "113"]
[EventDate "2012.??.??"]

1. e4 e5 2. Nf3 Nc6 3. Bc4 Bc5 4. c3 d6 5. b4 Bb6 6. d3 Nf6 7. Bg5 Be6 8. Nbd2
O-O 9. O-O a6 10. a4 Qe7 11. Qb3 Rad8 12. Bd5 Nb8 13. a5 Ba7 14. Qb2 c6 15. Bb3
h6 16. Bh4 g5 17. Bg3 Nh5 18. Nc4 f5 19. exf5 Rxf5 20. Qe2 Qf7 21. d4 Bxc4 22.
Bxc4 d5 23. Nxe5 Nxg3 24. fxg3 Qe6 25. Rxf5 Qxf5 26. Bd3 Qe6 27. Re1 Re8 28.
Ng4 Qxe2 29. Rxe2 Rxe2 30. Bxe2 Kg7 31. Ne5 b6 32. Kf2 bxa5 33. bxa5 Kf6 34.
Ke3 Ke6 35. Bg4+ Kd6 36. Nf7+ Kc7 37. Nxh6 c5 38. h4 Nc6 39. Nf5 cxd4+ 40. cxd4
Ne5 41. Be2 Kd7 42. Bxa6 Ke6 43. Bc8+ Kf6 44. Nd6 Nc6 45. Nb5 Bb8 46. a6 Na7
47. Nxa7 Bxa7 48. Bb7 Ke6 49. h5 g4 50. h6 Kf6 51. Bxd5 Kg6 52. Be6 Kxh6 53.
Bxg4 Kg5 54. Bc8 Kf6 55. Ke4 Ke7 56. g4 Kd8 57. Bb7 1-0

[Event "SR 4. liga A21 2012/2013"]
[Site "?"]
[Date "2012.10.14"]
[Round "1.5"]
[White "Bjel, Lubos"]
[Black "Kovarik, Oto"]
[Result "0-1"]
[WhiteElo "1668"]
[BlackElo "1979"]
[PlyCount "74"]
[EventDate "2012.??.??"]

1. e4 c5 2. Nc3 e6 3. d3 Nc6 4. g3 Nf6 5. Bg2 Be7 6. Nf3 d6 7. Bg5 h6 8. Bxf6
Bxf6 9. Qd2 O-O 10. O-O Rb8 11. a4 a6 12. Rab1 Bd7 13. Ne2 Qc7 14. c4 b5 15. b3
bxa4 16. bxa4 Nb4 17. d4 Bxa4 18. Ra1 Bc6 19. e5 Be7 20. exd6 Bxd6 21. dxc5
Bxc5 22. Nf4 Rbd8 23. Qc3 a5 24. Rfd1 Qb6 25. Nh5 f6 26. Rxd8 Qxd8 27. Bh3 Re8
28. Re1 e5 29. Nh4 Qd3 30. Qc1 Qd4 31. Re2 Nd3 32. Qc2 Be4 33. Rxe4 Qxe4 34.
Bf5 Bxf2+ 35. Kf1 Qh1+ 36. Ke2 e4 37. Qd2 Nc1+ 0-1

[Event "SR 4. liga A21 2012/2013"]
[Site "?"]
[Date "2012.10.14"]
[Round "1.5"]
[White "Cerovsky, Marian"]
[Black "Orvisky, Vladimir"]
[Result "1-0"]
[WhiteElo "1764"]
[BlackElo "1838"]
[PlyCount "83"]
[EventDate "2012.??.??"]

1. e4 Nf6 2. Nc3 e5 3. Bc4 d6 4. h3 Be7 5. Nf3 c6 6. d3 Nbd7 7. a3 O-O 8. O-O
Qc7 9. Nh2 Rd8 10. Ba2 Nb6 11. f4 d5 12. fxe5 Qxe5 13. d4 Qg3 14. Rf3 Qg6 15.
e5 Ne4 16. Ne2 f6 17. exf6 Bxf6 18. c3 Rf8 19. Nf4 Qf7 20. Nd3 Be6 21. Bf4 Qg6
22. Qe2 Rae8 23. Raf1 Bf5 24. Ne5 Bxe5 25. Bxe5 Nd7 26. Ng4 h5 27. Ne3 Nxe5 28.
Rxf5 Rxf5 29. Nxf5 Ng5 30. dxe5 Nxh3+ 31. Kh2 Ng5 32. Bb1 Qf7 33. Nh6+ gxh6 34.
Rxf7 Nxf7 35. Qd3 Re6 36. Qh7+ Kf8 37. Bg6 Re7 38. Bxf7 Rxf7 39. Qxh6+ Ke7 40.
Qxh5 Ke6 41. Kh3 Rf5 42. Qe8# 1-0

[Event "SR 4. liga A21 2012/2013"]
[Site "?"]
[Date "2012.10.14"]
[Round "1.5"]
[White "Dubecky, Ladislav"]
[Black "Podjavorinsky, Michal"]
[Result "0-1"]
[WhiteElo "1557"]
[BlackElo "1681"]
[PlyCount "112"]
[EventDate "2012.??.??"]

1. e4 e5 2. f4 Bc5 3. Nf3 exf4 4. d4 Bb6 5. Bxf4 d6 6. Bc4 Be6 7. Bxe6 fxe6 8.
Ng5 Qe7 9. Qh5+ g6 10. Qd1 Nc6 11. Nf3 O-O-O 12. Be3 e5 13. Bg5 Nf6 14. d5 Nd4
15. Nbd2 h6 16. Bh4 g5 17. Bf2 Nxf3+ 18. Qxf3 Rdf8 19. Bxb6 axb6 20. O-O-O Kb8
21. Qe2 Rf7 22. Nf1 Rhf8 23. Ng3 Qd7 24. Nf5 Nxe4 25. g4 Qa4 26. a3 Rf6 27. Rd3
Nc5 28. Rc3 Qe4 29. Qd1 Qf4+ 30. Kb1 Ne4 31. Re3 Nf2 32. Rf3 Nxd1 33. Rxf4 gxf4
34. Rxd1 h5 35. h3 hxg4 36. hxg4 Rg8 37. Rh1 Rxg4 38. Rh8+ Ka7 39. Ne7 f3 40.
Nc8+ Ka6 41. a4 f2 42. Nxd6 f1=Q+ 43. Ka2 Rxa4+ 44. Kb3 Qb5+ 45. Nxb5 Kxb5 46.
Rh7 Rf3+ 47. c3 Rc4 48. Re7 Re3 49. Kc2 Rc5 50. Kd2 Re4 51. Kd3 Re1 52. Kd2 Rh1
53. Rxe5 Rh4 54. b3 Rh3 55. d6 cxd6 56. Re4 Rcxc3 0-1

[Event "SR 4. liga A21 2012/2013"]
[Site "?"]
[Date "2012.10.14"]
[Round "1.5"]
[White "Krchnak, Rudolf"]
[Black "Damborsky, Pavol"]
[Result "1/2-1/2"]
[WhiteElo "1857"]
[BlackElo "1794"]
[PlyCount "64"]
[EventDate "2012.??.??"]

1. d4 d5 2. Nc3 e6 3. a3 Nf6 4. Bg5 Be7 5. Nf3 h6 6. Bh4 Nc6 7. e3 a6 8. Bd3
O-O 9. Qe2 Bd7 10. Ne5 Nxe5 11. dxe5 Nh7 12. Bxe7 Qxe7 13. h4 f5 14. f4 c5 15.
Qf2 b5 16. Nb1 Be8 17. Nd2 Bh5 18. Be2 Bxe2 19. Kxe2 h5 20. Rh3 Kh8 21. Nf3 Rg8
22. Rg3 Ra7 23. Ng5 Nxg5 24. Rxg5 g6 25. Qf3 Qe8 26. Rh1 Rh7 27. Rc1 a5 28. Kf2
a4 29. Qe2 c4 30. Qd2 Qc6 31. Qb4 Ra7 32. Rd1 Kh7 1/2-1/2

[Event "SR 4. liga A21 2012/2013"]
[Site "?"]
[Date "2012.10.14"]
[Round "1.5"]
[White "Varga, Adam"]
[Black "Pisecky, Jan"]
[Result "0-1"]
[WhiteElo "1169"]
[BlackElo "1522"]
[PlyCount "62"]
[EventDate "2012.??.??"]

1. e4 e5 2. Nf3 d6 3. Bc4 h6 4. d3 c6 5. Be3 Nf6 6. Nc3 a5 7. a3 Ng4 8. Qd2 f5
9. h3 Nxe3 10. Qxe3 f4 11. Qd2 g5 12. Qe2 Qf6 13. Nd2 h5 14. f3 Be6 15. Bxe6
Qxe6 16. O-O-O b5 17. Ndb1 b4 18. Na4 Nd7 19. c4 bxc3 20. Naxc3 Nc5 21. Nd2 Rb8
22. Nc4 Nb3+ 23. Kb1 Rh7 24. Qc2 Rhb7 25. Rhf1 Kf7 26. Rf2 d5 27. Nd2 Nd4 28.
Qc1 Bxa3 29. Na4 Qd6 30. Ka1 Bxb2+ 31. Nxb2 Qa3+ 0-1